Tesauro Eurovoc

Guardat en:
Dades bibliogràfiques
Format: Llibre
Idioma:espanyol
Publicat: Luxemburgo Comunidades Europeas 2007
Matèries:
Etiquetes: Afegir etiqueta
Sense etiquetes, Sigues el primer a etiquetar aquest registre!

MARC

LEADER 00000nam a2200000 a 4500
001 UCI9287
003 CL-VaPUC
008 081106e20070000LU |||||||||||||||||spa|d
020 |a 9789278403614 
082 0 4 |a 025.49  |b TES  |2 21 
245 1 0 |a Tesauro Eurovoc  
300 |a v 
942 |c BK 
945 |d 20081106 00:00:00  |a rbrito 
260 |a Luxemburgo  |b Comunidades Europeas  |c 2007 
650 7 |a TESAURO  |2 CL-VaPUC  |9 394063 
650 0 |a Vocabulario controlado  |9 532921 
650 7 |a DESCRIPTORES  |2 CL-VaPUC  |9 500610 
650 7 |a TERMINOLOGIA  |2 CL-VaPUC  |9 254881 
583 |a last modification  |c 20081106 00:00:00  |k Rodrigo Vera 
999 |c 331853  |d 331851